Statistics for Countries or Capitals Beginning or Ending with D

Click here to take the quiz!

General Stats

  • This quiz has been taken 388 times
  • The average score is 19 of 26

Answer Stats

Answer% Correct
Denmark
92%
Djibouti
89%
Doha
82%
Dominica
80%
Dominican Republic
80%
Dili
78%
Finland
78%
Dakar
77%
Dhaka
77%
Iceland
77%
Dodoma
76%
Ireland
76%
Damascus
75%
Poland
75%
Dublin
74%
Thailand
74%
Dushanbe
70%
New Zealand
69%
Switzerland
68%
Baghdad
67%
Madrid
59%
Islamabad
58%
Democratic Republic of the Congo
56%
Chad
55%
Swaziland
54%
Ngerulmud
48%

Score Distribution

Percentile by Number Answered

Percent of People with Each Score

Your Score History

You have not taken this quiz